Normal view
MARC view
- Job hunting.
Entry Topical Term
001 - CONTROL NUMBER
- control field: 6502
003 - CONTROL NUMBER IDENTIFIER
- control field: OSt
005 - DATE AND TIME OF LATEST TRANSACTION
- control field: 20170519153519.0
008 - FIXED-LENGTH DATA ELEMENTS
- fixed length control field: 170519|| aca||aabn | a|a d
040 ## - CATALOGING SOURCE
- Original cataloging agency: OSt
- Transcribing agency: OSt
150 ## - HEADING--TOPICAL TERM
- Topical term or geographic name entry element: Job hunting.
670 ## - SOURCE DATA FOUND
- Source citation: Work cat.: (OSt): Fitzwater, Terry L. 6501, Behavior-based interviewing :, c2000.

PORTAL AKMAL
E-MEL JKDM
AKMAL2U
G-BAM
u-PUSTAKA